[Event "Sao Paulo CXSP U2200 1st"]
[Site "Sao Paulo"]
[Date "2016.12.17"]
[Round "5.7"]
[White "Rocha, Anderson Rosendo"]
[Black "Martinez, Marcio Eduardo"]
[Result "1/2-1/2"]
[WhiteElo "1629"]
[BlackElo "1747"]
[PlyCount "31"]
[EventDate "2016.12.15"]
[EventType "swiss"]
[EventRounds "6"]
[EventCountry "BRA"]
[SourceTitle "EXT 2022"]
[Source "ChessBase"]
[SourceDate "2021.10.06"]
[SourceVersion "1"]
[SourceVersionDate "2021.10.06"]
[SourceQuality "1"]

1. Nf3 Nf6 2. b3 g6 3. Bb2 Bg7 4. e3 0-0 5. d4 d5 6. Be2 Bg4 7. h3 Bxf3 8. Bxf3 c6 9. 0-0 Nbd7 10. Nd2 Re8 11. c4 Rc8 12. Rc1 e6 13. Re1 Nf8 14. Qc2 N8d7 15. Qd3 Kh8 16. a3 1/2-1/2

[Event "Sao Paulo CC Fox op"]
[Site "Sao Paulo"]
[Date "2016.10.08"]
[Round "4"]
[White "Martinez, Marcio Eduardo"]
[Black "Nunes, Bruno Rossa"]
[Result "1-0"]
[WhiteElo "1749"]
[BlackElo "1398"]
[PlyCount "59"]
[EventDate "2016.10.07"]
[EventType "swiss"]
[EventRounds "6"]
[EventCountry "BRA"]
[SourceTitle "EXT 2018"]
[Source "ChessBase"]
[SourceDate "2017.10.13"]
[SourceVersion "1"]
[SourceVersionDate "2017.10.13"]
[SourceQuality "1"]

1. d4 d5 2. Nf3 Nf6 3. Bf4 e6 4. e3 c5 5. c3 Nc6 6. Bd3 Qb6 7. b3 cxd4 8. exd4 Bd7 9. Nbd2 Rc8 10. Rc1 Be7 11. 0-0 0-0 12. Ne5 Qd8 13. Re1 a6 14. Qf3 b5 15. b4 Bxb4 16. Nxc6 Bxc6 17. cxb4 Qb6 18. Be5 Ne8 19. Nb3 f6 20. Bf4 Bd7 21. Nc5 Rd8 22. Qh5 f5 23. Be5 Nf6 24. Bxf6 Rxf6 25. Nxd7 Rxd7 26. Qe8+ Rf8 27. Qxd7 Qxd4 28. Qxe6+ Kh8 29. Qxf5 Qxb4 30. Qxh7# 1-0

[Event "BRA-ch Amateur U2000"]
[Site "Sao Paulo"]
[Date "2016.05.28"]
[Round "5"]
[White "Lunelli, Neuri Antonio"]
[Black "Martinez, Marcio Eduardo"]
[Result "1-0"]
[WhiteElo "1800"]
[BlackElo "1779"]
[PlyCount "63"]
[EventDate "2016.05.26"]
[EventType "swiss"]
[EventRounds "7"]
[EventCountry "BRA"]
[SourceTitle "EXT 2019"]
[Source "ChessBase"]
[SourceDate "2018.10.10"]
[SourceVersion "1"]
[SourceVersionDate "2018.10.10"]
[SourceQuality "1"]

1. d4 Nf6 2. Nf3 c6 3. g3 g6 4. Bg2 Bg7 5. 0-0 0-0 6. c4 d5 7. Nc3 e6 8. Bg5 h6 9. Bf4 Nbd7 10. Re1 Re8 11. Qc2 dxc4 12. e4 b5 13. Rad1 Nb6 14. Ne5 Bb7 15. Qd2 g5 16. Be3 a6 17. f4 Nh7 18. Qf2 Nd7 19. fxg5 Nxe5 20. dxe5 Qc7 21. gxh6 Bxe5 22. Rf1 Kh8 23. Bb6 Qe7 24. Bc5 Qf6 25. Bd6 Qxf2+ 26. Rxf2 Bxd6 27. Rxd6 Re7 28. e5 Rc8 29. Rfd2 Nf8 30. Ne4 c5 31. Rd8 Re8 32. Rxe8 1-0

[Event "BRA-ch Amateur U2000"]
[Site "Sao Paulo"]
[Date "2016.05.27"]
[Round "3"]
[White "Da Silva, Wagner Afonso"]
[Black "Martinez, Marcio Eduardo"]
[Result "1/2-1/2"]
[WhiteElo "1979"]
[BlackElo "1779"]
[PlyCount "106"]
[EventDate "2016.05.26"]
[EventType "swiss"]
[EventRounds "7"]
[EventCountry "BRA"]
[SourceTitle "EXT 2019"]
[Source "ChessBase"]
[SourceDate "2018.10.10"]
[SourceVersion "1"]
[SourceVersionDate "2018.10.10"]
[SourceQuality "1"]

1. d4 Nf6 2. c4 c6 3. Nc3 d5 4. cxd5 cxd5 5. Nf3 Nc6 6. e3 e6 7. Bd3 Be7 8. 0-0 0-0 9. a3 Re8 10. Bd2 Bf8 11. Rc1 a6 12. Ne2 g6 13. Ng3 Bg7 14. Re1 Bd7 15. Qb3 b5 16. Rc5 Bf8 17. Rc2 Na5 18. Bxa5 Qxa5 19. Rec1 Rec8 20. Rxc8 Rxc8 21. Rxc8 Bxc8 22. Qc2 Qd8 23. Qc6 Qd7 24. Qc2 Qd8 25. Nf1 Bb7 26. N1d2 Nd7 27. h4 Qc8 28. Qb1 Bg7 29. h5 e5 30. dxe5 Nxe5 31. Nxe5 Bxe5 32. Nf3 Bg7 33. hxg6 hxg6 34. Be2 Qc5 35. Ne1 d4 36. Nd3 Qg5 37. Nf4 dxe3 38. fxe3 Qg3 39. Qd3 g5 40. Nd5 Bxd5 41. Qxd5 Qxe3+ 42. Kf1 Bd4 43. Ke1 Bxb2 44. Kf1 Bd4 45. Ke1 g4 46. Kd1 Bb2 47. Bxg4 Bxa3 48. Bh5 Qe6 49. Qd8+ Bf8 50. Qg5+ Kh8 51. Qh4 Bh6 52. Bxf7 Qxf7 53. Qxh6+ Qh7 1/2-1/2

[Event "BRA-ch Amateur U2000"]
[Site "Sao Paulo"]
[Date "2016.05.27"]
[Round "4"]
[White "Martinez, Marcio Eduardo"]
[Black "Bail, Ellen Larissa"]
[Result "0-1"]
[WhiteElo "1779"]
[BlackElo "1851"]
[PlyCount "88"]
[EventDate "2016.05.26"]
[EventType "swiss"]
[EventRounds "7"]
[EventCountry "BRA"]
[SourceTitle "EXT 2019"]
[Source "ChessBase"]
[SourceDate "2018.10.10"]
[SourceVersion "1"]
[SourceVersionDate "2018.10.10"]
[SourceQuality "1"]

1. d4 d5 2. Nf3 e6 3. c4 c6 4. Nc3 Nf6 5. Bg5 Be7 6. e3 Nbd7 7. Bd3 dxc4 8. Bxc4 b5 9. Bb3 a6 10. 0-0 Bb7 11. a3 Qb6 12. Rc1 c5 13. Qe2 0-0 14. Rfd1 Rac8 15. d5 c4 16. dxe6 Qxe6 17. Nd4 Qb6 18. Bc2 Bc5 19. Bf5 Rcd8 20. Qc2 Rfe8 21. Nce2 Nf8 22. Rd2 h6 23. Bxf6 Qxf6 24. Bg4 Be4 25. Qd1 Bd3 26. Nf3 Nh7 27. Nf4 Be4 28. Nh5 Qb6 29. Ng3 Bb7 30. Ne2 Nf6 31. Bf5 g6 32. Bb1 Bxe3 33. Rxd8 Bxf2+ 34. Kf1 Rxd8 35. Qxd8+ Qxd8 36. Kxf2 Qb6+ 37. Kf1 Ng4 38. Nfd4 Qf6+ 39. Ke1 Qf2+ 40. Kd2 Qe3+ 41. Ke1 Bxg2 42. Rc3 Qf2+ 43. Kd2 Nxh2 44. Re3 Nf1+ 0-1

[Event "Sao Paulo Segal Memorial 1st"]
[Site "Sao Paulo"]
[Date "2016.05.22"]
[Round "5"]
[White "Heinrichs, Vivian"]
[Black "Martinez, Marcio Eduardo"]
[Result "1-0"]
[WhiteElo "1970"]
[BlackElo "1779"]
[PlyCount "81"]
[EventDate "2016.05.20"]
[EventType "swiss"]
[EventRounds "6"]
[EventCountry "BRA"]
[SourceTitle "CBM 172 Extra"]
[Source "ChessBase"]
[SourceDate "2016.06.21"]
[SourceVersion "1"]
[SourceVersionDate "2016.06.21"]
[SourceQuality "1"]

1. e4 c5 2. Nf3 Nc6 3. Bb5 a6 4. Bxc6 bxc6 5. 0-0 d5 6. d3 Bg4 7. Nbd2 e6 8. h3 Bh5 9. c3 Bd6 10. Re1 Ne7 11. Qa4 0-0 12. e5 Bc7 13. b3 Bg6 14. d4 Bb6 15. Ba3 cxd4 16. cxd4 Bd3 17. Bxe7 Qxe7 18. Qxc6 Ba5 19. Rec1 Ra7 20. Qc5 Bb4 21. Qxe7 Bxe7 22. Ne1 Bb5 23. a4 Bd7 24. Nd3 Rc8 25. Rxc8+ Bxc8 26. Rc1 Bd7 27. Nc5 Bc8 28. b4 f6 29. Ndb3 fxe5 30. dxe5 Bg5 31. Rc2 Rf7 32. Ne4 dxe4 33. Rxc8+ Rf8 34. Rxf8+ Kxf8 35. Nc5 Bd2 36. Nxa6 Ke7 37. b5 Ba5 38. Nb8 Ke8 39. Nc6 Bb6 40. a5 Bc5 41. a6 1-0

[Event "Sao Paulo Segal Memorial 1st"]
[Site "Sao Paulo"]
[Date "2016.05.20"]
[Round "1"]
[White "Matsuura, Everaldo"]
[Black "Martinez, Marcio Eduardo"]
[Result "1-0"]
[WhiteElo "2502"]
[BlackElo "1779"]
[PlyCount "31"]
[EventDate "2016.05.20"]
[EventType "swiss"]
[EventRounds "6"]
[EventCountry "BRA"]
[SourceTitle "CBM 172 Extra"]
[Source "ChessBase"]
[SourceDate "2016.06.21"]
[SourceVersion "1"]
[SourceVersionDate "2016.06.21"]
[SourceQuality "1"]

1. e4 d6 2. d4 g6 3. Nc3 Bg7 4. Be3 a6 5. h4 Nf6 6. f3 Nbd7 7. Qd2 c5 8. 0-0-0 cxd4 9. Bxd4 0-0 10. h5 b5 11. g4 b4 12. Nd5 a5 13. hxg6 fxg6 14. Bc4 Kh8 15. Nf4 Ne5 16. Bxe5 1-0

[Event "Sao Paulo Weekly Clube Sao Paulo 1st"]
[Site "Sao Paulo"]
[Date "2016.04.06"]
[Round "2.2"]
[White "Vargas, Goncalo Cintra"]
[Black "Martinez, Marcio Eduardo"]
[Result "1-0"]
[WhiteElo "2092"]
[BlackElo "1799"]
[PlyCount "95"]
[EventDate "2016.03.30"]
[EventType "swiss"]
[EventRounds "5"]
[EventCountry "BRA"]
[SourceTitle "EXT 2022"]
[Source "ChessBase"]
[SourceDate "2021.10.06"]
[SourceVersion "1"]
[SourceVersionDate "2021.10.06"]
[SourceQuality "1"]

1. Nf3 Nf6 2. d4 d5 3. Bf4 e6 4. e3 c5 5. c3 Nc6 6. Bd3 Be7 7. Nbd2 Nh5 8. Be5 Nxe5 9. dxe5 g6 10. c4 0-0 11. g4 Ng7 12. h4 f5 13. gxf5 Nxf5 14. h5 g5 15. Qc2 Bd7 16. e4 dxc4 17. Bxc4 Nd4 18. Nxd4 cxd4 19. Qb3 Qb6 20. Qxb6 axb6 21. Ke2 Rac8 22. a3 b5 23. Bb3 d3+ 24. Kxd3 Rxf2 25. Raf1 Rcf8 26. Bd1 Rxf1 27. Rxf1 Rxf1 28. Nxf1 b4 29. a4 Bc5 30. Kc4 Be7 31. a5 Bc6 32. Bf3 Kg7 33. Ne3 h6 34. Nc2 Kf7 35. Nxb4 Bd7 36. Nc2 Bd8 37. b4 Bc7 38. Kc5 Bxe5 39. Kb6 Ba4 40. Na3 Bc6 41. b5 Bd4+ 42. Kc7 Be5+ 43. Kc8 g4 44. Bg2 Be8 45. Kxb7 Ke7 46. a6 Bd4 47. b6 Bd7 48. a7 1-0

[Event "Sao Paulo op-B U2050 4th"]
[Site "Sao Paulo"]
[Date "2016.03.27"]
[Round "6"]
[White "Martinez, Marcio Eduardo"]
[Black "Gelli, Jhonatan Henrique"]
[Result "1-0"]
[WhiteElo "1799"]
[BlackElo "1187"]
[PlyCount "63"]
[EventDate "2016.03.24"]
[EventType "swiss"]
[EventRounds "7"]
[EventCountry "BRA"]
[SourceTitle "CBM 171 Extra"]
[Source "ChessBase"]
[SourceDate "2016.04.26"]
[SourceVersion "1"]
[SourceVersionDate "2016.04.26"]
[SourceQuality "1"]

1. d4 Nf6 2. c4 e6 3. Nc3 b6 4. e4 d6 5. Nf3 Bb7 6. Bd3 Nbd7 7. 0-0 a6 8. Ne1 c5 9. d5 e5 10. f4 exf4 11. Bxf4 Be7 12. Nf3 Qc7 13. Qd2 0-0 14. Rae1 Nh5 15. e5 Nxf4 16. Qxf4 dxe5 17. Nxe5 Nxe5 18. Rxe5 Bd6 19. Bxh7+ Kxh7 20. Qh4+ Kg8 21. Rh5 Bxh2+ 22. Kh1 f6 23. Rh8+ Kf7 24. Qh5+ Ke7 25. Rh7 Rf7 26. Rxf6 Kxf6 27. Ne4+ Ke7 28. Qg5+ Kd7 29. Qg4+ Ke8 30. Qg6 Ke7 31. Qe6+ Kd8 32. Rh8+ 1-0

[Event "Sao Paulo op-B U2050 4th"]
[Site "Sao Paulo"]
[Date "2016.03.26"]
[Round "5"]
[White "Hayashi, Kaito"]
[Black "Martinez, Marcio Eduardo"]
[Result "1/2-1/2"]
[WhiteElo "1539"]
[BlackElo "1799"]
[PlyCount "69"]
[EventDate "2016.03.24"]
[EventType "swiss"]
[EventRounds "7"]
[EventCountry "BRA"]
[SourceTitle "CBM 171 Extra"]
[Source "ChessBase"]
[SourceDate "2016.04.26"]
[SourceVersion "1"]
[SourceVersionDate "2016.04.26"]
[SourceQuality "1"]

1. e4 g6 2. d4 Bg7 3. Nf3 d6 4. Nc3 Bg4 5. Be3 Nd7 6. Be2 c6 7. Bg5 Qa5 8. Be3 Ngf6 9. 0-0 0-0 10. Qd2 Qc7 11. Bh6 Bxf3 12. Bxf3 e5 13. Bxg7 Kxg7 14. d5 c5 15. Qe2 a6 16. Nd1 Qd8 17. Ne3 b5 18. c3 c4 19. a4 Nc5 20. axb5 axb5 21. Nc2 Qc7 22. Na3 Qb7 23. Qc2 Rfb8 24. Rfe1 Nd3 25. Rf1 Qb6 26. Be2 Nc5 27. Bf3 Nb3 28. Rad1 Nd7 29. Be2 Nbc5 30. Kh1 Nf6 31. f3 Nh5 32. g3 Qd8 33. Qd2 h6 34. Qe3 Nf6 35. Kg2 1/2-1/2

[Event "Sao Paulo Salles Cup 7th"]
[Site "Sao Paulo"]
[Date "2016.03.20"]
[Round "6"]
[White "Martinez, Marcio Eduardo"]
[Black "Hoshino, Karen M"]
[Result "1/2-1/2"]
[WhiteElo "1799"]
[BlackElo "1742"]
[PlyCount "63"]
[EventDate "2016.03.18"]
[EventType "swiss"]
[EventRounds "6"]
[EventCountry "BRA"]
[SourceTitle "CBM 171 Extra"]
[Source "ChessBase"]
[SourceDate "2016.04.26"]
[SourceVersion "1"]
[SourceVersionDate "2016.04.26"]
[SourceQuality "1"]

1. d4 d5 2. c4 dxc4 3. Nc3 a6 4. a4 Nf6 5. e4 e5 6. dxe5 Qxd1+ 7. Kxd1 Ng4 8. Nh3 Nxe5 9. Bf4 Nbc6 10. Bxe5 Nxe5 11. Nd5 Bg4+ 12. f3 0-0-0 13. fxg4 c6 14. Kc2 cxd5 15. exd5 Rxd5 16. Be2 Bb4 17. Rhd1 Rhd8 18. Rxd5 Rxd5 19. Rd1 Rxd1 20. Kxd1 Kd7 21. Nf2 Kd6 22. Kc2 Ba5 23. b3 cxb3+ 24. Kxb3 Bb6 25. Nd3 Bd4 26. Nxe5 Bxe5 27. h3 a5 28. Kc4 b6 29. Bf3 Bg3 30. Ba8 Ke5 31. Bf3 Bf2 32. Kb5 1/2-1/2

[Event "Sao Paulo Camara Memorial 1st"]
[Site "Sao Paulo"]
[Date "2016.03.11"]
[Round "1"]
[White "Martinez, Marcio Eduardo"]
[Black "Sfrizo Souza, Vinicius Vieira"]
[Result "0-1"]
[WhiteElo "1799"]
[BlackElo "1778"]
[PlyCount "52"]
[EventDate "2016.03.11"]
[EventType "swiss"]
[EventRounds "6"]
[EventCountry "BRA"]
[SourceTitle "CBM 171 Extra"]
[Source "ChessBase"]
[SourceDate "2016.04.26"]
[SourceVersion "1"]
[SourceVersionDate "2016.04.26"]
[SourceQuality "1"]

1. d4 d5 2. c4 e6 3. Nc3 Nf6 4. Bg5 Nbd7 5. e3 c6 6. Nf3 Qa5 7. Nd2 Bb4 8. Qc2 0-0 9. Bd3 dxc4 10. Bxh7+ Nxh7 11. Bf4 b5 12. h4 Nhf6 13. h5 Bxc3 14. bxc3 Nd5 15. Rc1 Nxf4 16. exf4 Qc7 17. h6 g6 18. Rh4 c5 19. Ne4 Bb7 20. Ng5 Rae8 21. Kd2 Nf6 22. Re1 Qd7 23. h7+ Kg7 24. f5 exf5 25. Reh1 Ne4+ 26. Nxe4 Bxe4 0-1

[Event "Sao Paulo Hebraica op 23rd"]
[Site "Sao Paulo"]
[Date "2016.01.09"]
[Round "3"]
[White "Brujin, Homero"]
[Black "Martinez, Marcio Eduardo"]
[Result "0-1"]
[WhiteElo "1437"]
[BlackElo "1811"]
[PlyCount "54"]
[EventDate "2016.01.08"]
[EventType "swiss"]
[EventRounds "6"]
[EventCountry "BRA"]
[SourceTitle "CBM 170 Extra"]
[Source "ChessBase"]
[SourceDate "2016.02.25"]
[SourceVersion "1"]
[SourceVersionDate "2016.02.25"]
[SourceQuality "1"]

1. c4 c5 2. g3 g6 3. Bg2 Bg7 4. Nf3 Nc6 5. 0-0 Nf6 6. e3 0-0 7. d4 cxd4 8. exd4 d5 9. b3 Bg4 10. Bb2 Rc8 11. Na3 e6 12. h3 Bxf3 13. Bxf3 Re8 14. c5 Ne4 15. Nb5 a6 16. Bxe4 axb5 17. Bg2 b4 18. Re1 Qf6 19. Qd3 Nxd4 20. Kh1 Qxf2 21. Rab1 Nf5 22. Bxg7 Kxg7 23. Kh2 Qxc5 24. Rbc1 Qd6 25. Bh1 h5 26. Rxc8 Rxc8 27. Kg2 Rc2+ 0-1

[Event "Sao Paulo Hebraica op 23rd"]
[Site "Sao Paulo"]
[Date "2016.01.08"]
[Round "1"]
[White "Gabriel, Claudiomar"]
[Black "Martinez, Marcio Eduardo"]
[Result "0-1"]
[WhiteElo "1800"]
[BlackElo "1811"]
[PlyCount "84"]
[EventDate "2016.01.08"]
[EventType "swiss"]
[EventRounds "6"]
[EventCountry "BRA"]
[SourceTitle "CBM 170 Extra"]
[Source "ChessBase"]
[SourceDate "2016.02.25"]
[SourceVersion "1"]
[SourceVersionDate "2016.02.25"]
[SourceQuality "1"]

1. Nf3 Nf6 2. g3 g6 3. Bg2 Bg7 4. 0-0 0-0 5. Re1 d5 6. d4 c6 7. Nbd2 Nbd7 8. e3 Qc7 9. c3 e5 10. dxe5 Ng4 11. a3 Ngxe5 12. Nxe5 Nxe5 13. Qc2 Be6 14. Kh1 Rad8 15. Nf3 Bf5 16. Qd2 Nc4 17. Qd1 Bg4 18. Qc2 Bf5 19. Qd1 Be4 20. Ng5 Bxg2+ 21. Kxg2 h6 22. Nf3 Rfe8 23. b3 Bxc3 24. Qc2 Bxa1 25. bxc4 Bg7 26. Bb2 d4 27. exd4 Rxe1 28. Nxe1 Bxd4 29. Bxd4 Rxd4 30. Nf3 Rd8 31. c5 Qe7 32. Qc4 Rd5 33. Nh4 Qxc5 34. Qf4 Qf8 35. Qc7 Rb5 36. a4 Rb2 37. a5 Qc5 38. Kh3 Qxf2 39. Qd8+ Kg7 40. Qe7 Qxh2+ 41. Kg4 h5+ 42. Kf4 Qd2+ 0-1

[Event "Sao Paulo Consciencia op 7th"]
[Site "Sao Paulo"]
[Date "2015.11.22"]
[Round "5"]
[White "Martinez, Marcio Eduardo"]
[Black "Mendes, Rodrigo Machado"]
[Result "1-0"]
[WhiteElo "1811"]
[BlackElo "1929"]
[PlyCount "55"]
[EventDate "2015.11.20"]
[EventType "swiss"]
[EventRounds "6"]
[EventCountry "BRA"]
[SourceTitle "CBM 170 Extra"]
[Source "ChessBase"]
[SourceDate "2016.02.25"]
[SourceVersion "1"]
[SourceVersionDate "2016.02.25"]
[SourceQuality "1"]

1. d4 d5 2. Nf3 g6 3. Bf4 Bg7 4. e3 Nf6 5. c4 0-0 6. Nc3 c6 7. Be2 a6 8. 0-0 dxc4 9. Bxc4 b5 10. Be2 Bb7 11. Ne5 Nbd7 12. Bf3 Rc8 13. Rc1 Qb6 14. Ne4 Nxe5 15. Bxe5 Nxe4 16. Bxe4 Bxe5 17. dxe5 Rfd8 18. Qf3 Rd2 19. h4 h5 20. g4 hxg4 21. Qxg4 c5 22. e6 Rc7 23. Bxg6 Qxe6 24. Bf5+ Kh8 25. Bxe6 fxe6 26. Rcd1 Rxd1 27. Rxd1 Rc8 28. Qh5+ 1-0

[Event "Sao Paulo ECP op 6th"]
[Site "Sao Paulo"]
[Date "2015.10.23"]
[Round "2"]
[White "Martinez, Marcio Eduardo"]
[Black "Van Riemsdijk, Herman Claudius"]
[Result "0-1"]
[WhiteElo "1826"]
[BlackElo "2337"]
[PlyCount "94"]
[EventDate "2015.10.23"]
[EventType "swiss"]
[EventRounds "6"]
[EventCountry "BRA"]
[SourceTitle "CBM 169 Extra"]
[Source "ChessBase"]
[SourceDate "2015.12.18"]
[SourceVersion "1"]
[SourceVersionDate "2015.12.18"]
[SourceQuality "1"]

1. d4 c5 2. d5 Nf6 3. c4 b5 4. cxb5 a6 5. b6 g6 6. Nc3 d6 7. e4 Bg7 8. Nf3 0-0 9. Be2 Qxb6 10. Rb1 a5 11. 0-0 Ba6 12. Qc2 Nbd7 13. h3 Rfb8 14. Bxa6 Qxa6 15. Re1 Nb6 16. a4 Nfd7 17. Nb5 Rc8 18. Be3 Rab8 19. b3 c4 20. Nfd4 cxb3 21. Qxb3 Nc5 22. Qa2 Nbxa4 23. Rec1 Bxd4 24. Nxd4 Qd3 25. Rxb8 Rxb8 26. Nc6 Re8 27. Bxc5 Nxc5 28. e5 Nb3 29. Re1 Qxd5 30. exd6 Qxc6 31. Qxb3 Qxd6 32. Qb5 Ra8 33. Qb7 Rd8 34. Rxe7 Rb8 35. Rd7 Rxb7 36. Rxd6 Ra7 37. Rd3 a4 38. Ra3 Kf8 39. Kf1 Ke7 40. Ke2 Kd6 41. Kd3 Kc5 42. Kc3 Kb5 43. Kc2 Re7 44. Rf3 f5 45. g4 Re5 46. Kb2 Kb4 47. gxf5 Rxf5 0-1

[Event "Sao Paulo Freitas Memorial"]
[Site "Sao Paulo"]
[Date "2015.10.12"]
[Round "6"]
[White "Bruce, Shannon Hill"]
[Black "Martinez, Marcio Eduardo"]
[Result "1-0"]
[WhiteElo "2162"]
[BlackElo "1826"]
[PlyCount "35"]
[EventDate "2015.10.10"]
[EventType "swiss"]
[EventRounds "6"]
[EventCountry "BRA"]
[SourceTitle "CBM 168 Extra"]
[Source "ChessBase"]
[SourceDate "2015.10.29"]
[SourceVersion "1"]
[SourceVersionDate "2015.10.29"]
[SourceQuality "1"]

1. Nc3 g6 2. e4 Bg7 3. d4 d6 4. f4 Nd7 5. Nf3 c5 6. d5 Ngf6 7. e5 dxe5 8. fxe5 Ng4 9. e6 Nde5 10. Bb5+ Kf8 11. Nxe5 Nxe5 12. 0-0 c4 13. Bf4 f5 14. Qe2 Ng4 15. Qxc4 Qb6+ 16. Kh1 Ne5 17. Qe2 Ng4 18. d6 1-0

[Event "Sao Paulo Freitas Memorial"]
[Site "Sao Paulo"]
[Date "2015.10.12"]
[Round "5"]
[White "Martinez, Marcio Eduardo"]
[Black "Caldeira, Tiago Pereira"]
[Result "1-0"]
[WhiteElo "1826"]
[BlackElo "2070"]
[PlyCount "77"]
[EventDate "2015.10.10"]
[EventType "swiss"]
[EventRounds "6"]
[EventCountry "BRA"]
[SourceTitle "CBM 168 Extra"]
[Source "ChessBase"]
[SourceDate "2015.10.29"]
[SourceVersion "1"]
[SourceVersionDate "2015.10.29"]
[SourceQuality "1"]

1. d4 d5 2. Nf3 Nf6 3. Bf4 c5 4. e3 Nc6 5. c4 cxd4 6. exd4 g6 7. Nc3 Bg7 8. Nb5 0-0 9. Nc7 Nh5 10. Nxd5 Nxf4 11. Nxf4 Nxd4 12. Nxd4 Bxd4 13. Nd5 Bxb2 14. Rb1 Bg7 15. Be2 e6 16. Nb4 Bc3+ 17. Kf1 Qf6 18. Qb3 Rd8 19. h4 Bd4 20. Bf3 Bb6 21. Qc2 Rd4 22. h5 g5 23. c5 Ba5 24. a3 g4 25. Be4 h6 26. Qe2 Qf4 27. Bd3 Bxb4 28. axb4 Rxb4 29. Rxb4 Qxb4 30. Qe3 Qb2 31. Qxh6 Qg7 32. Qc1 Bd7 33. h6 Qf6 34. h7+ Kg7 35. Qc4 e5 36. Qe4 Rh8 37. Rh4 Re8 38. h8Q+ Rxh8 39. Rxh8 1-0